书目信息 |
| 题名: |
技术经济学
|
|
| 作者: | 王文亮 , 张永安 主编 | |
| 分册: | ||
| 出版信息: | 北京 中国轻工业出版社 2000.04 |
|
| 页数: | 314页 | |
| 开本: | 32开 | |
| 丛书名: | ||
| 单 册: | ||
| 中图分类: | F062.4 | |
| 科图分类: | ||
| 主题词: | 经济学--分支科学 | |
| 电子资源: | ||
| ISBN: | 7-5019-2782-0 | |
| 000 | 00558nam0 2200193 45 | |
| 001 | 0103191709 | |
| 005 | 20070905102744.60 | |
| 010 | @a7-5019-2782-0@d20.00元 | |
| 100 | @a20010319d2000 km y0chiy0120 ea | |
| 101 | 0 | @achi |
| 200 | 1 | @a技术经济学@AJi Shu Jing Ji Xue@f王文亮,张永安主编@FWang Wen Liang,Zhang Yong An Zhu Bian |
| 210 | @a北京@c中国轻工业出版社@d2000.04 | |
| 215 | @a314页@d32开 | |
| 606 | 0 | @a经济学@x分支科学 |
| 690 | @aF062.4@v3 | |
| 701 | 0 | @a王文亮@4主编 |
| 701 | 0 | @a张永安@4主编 |
| 801 | @aCN@c20070905 | |
| 905 | @dF062.4@eW463@b337095@f1 | |
| 技术经济学/王文亮,张永安主编.-北京:中国轻工业出版社,2000.04 |
| 314页;32开 |
| ISBN 7-5019-2782-0:20.00元 |
| ● |
| 相关链接 |
|
|
|
正题名:技术经济学
索取号:F062.4/W463
 
预约/预借
| 序号 | 登录号 | 条形码 | 馆藏地/架位号 | 状态 | 备注 |
| 1 | 337095 | 203370958 | 社科库409/409社科库 65排1列4层/ [索取号:F062.4/W463] | 在馆 | |
| 2 | 619153 | 206191538 | 社科库409/409社科库 65排1列4层/ [索取号:F062.4/W463] | 在馆 | |
| 3 | 619154 | 206191547 | 社科库409/409社科库 65排1列4层/ [索取号:F062.4/W463] | 在馆 | |
| 4 | 619155 | 206191556 | 社科库409/409社科库 65排1列4层/ [索取号:F062.4/W463] | 在馆 |